000 00543nmm a2200193 a 4500
003 AR-X00000XY
005 20251128212028.0
008 187020s1949 ||||||||||||||000 | spa||
040 _cAR-X00000XY
100 1 _aConnolly, Cyril
245 1 0 _aLa tumba sin sosiego
_bciclo verbal por Palinuro
260 _aBuenos Aires
_bEdiciones Sur
_c1949
300 0 _a208 p.
500 0 _aCon firma y anotaciones manuscritas de Alejandra Pizarnik
655 _aLITERATURA
700 1 _aBaeza, Ricardo
_etraductor
942 _cBK
998 _cmartin
999 _c22155
_d22155